000
00230 a2200109 4500
001
9057
082
_a
808.1 AUD
090
_c
7239
_d
7239
100
_a
Auden, W H
245
_a
Oxford book of light verse.
_h
English
260
_b
Oxford
_a
1952
942
_a
NUST-CAE
999
_c
244130
_d
244130